ՀՀ Գիտությունների ազգային ակադեմիայի հիմնարար գիտական գրադարան  =   Fundamental Scientific Library of NAS RA

Расчет полупроводниковых усилителей и генераторов / (Record no. 456922)

MARC details
000 -LEADER
fixed length control field 01008nam a2200241 a 4500
001 - CONTROL NUMBER
control field 000918667
003 - CONTROL NUMBER IDENTIFIER
control field AM-YEHGA
005 - DATE AND TIME OF LATEST TRANSACTION
control field 20250617160622.0
008 - FIXED-LENGTH DATA ELEMENTS--GENERAL INFORMATION
fixed length control field 121009s1961 un r 000 0 rus d
040 ## - CATALOGING SOURCE
Original cataloging agency AM-YeHGA
041 0# - LANGUAGE CODE
Language code of text/sound track or separate title rus
090 ## - LOCALLY ASSIGNED LC-TYPE CALL NUMBER (OCLC); LOCAL CALL NUMBER (RLIN)
-- 459957
100 1# - MAIN ENTRY--PERSONAL NAME
Personal name Герасимов, Сергей Михайлович
245 10 - TITLE STATEMENT
Title Расчет полупроводниковых усилителей и генераторов /
Statement of responsibility, etc. С. М. Герасимов, И. Н. Мигулин, В. Н. Яковлев.
250 ## - EDITION STATEMENT
Edition statement 3-е изд.
260 ## - PUBLICATION, DISTRIBUTION, ETC.
Place of publication, distribution, etc. Киев :
Name of publisher, distributor, etc. Гостехиздат УССР,
Date of publication, distribution, etc. 1961.
300 ## - PHYSICAL DESCRIPTION
Extent 431 с. :
Other physical details черт. ;
Dimensions 21 см.
504 ## - BIBLIOGRAPHY, ETC. NOTE
Bibliography, etc. note Библиогр. : с. 425-427
653 0# - INDEX TERM--UNCONTROLLED
Uncontrolled term Усилители полупроводниковые - Расчет
653 0# - INDEX TERM--UNCONTROLLED
Uncontrolled term Генераторы полупроводниковые - Расчет
700 1# - ADDED ENTRY--PERSONAL NAME
Personal name Мигулин, Игорь Николаевич
700 1# - ADDED ENTRY--PERSONAL NAME
Personal name Яковлев, Василий Николаевич
Holdings
Withdrawn status Lost status Damaged status Not for loan Collection Home library Current library Date acquired Total checkouts Full call number Barcode Date last seen Price effective from Koha item type Public note
        General Fundamental Scientific Library Fundamental Scientific Library 29/01/2021   РII/43118 FL0639122 29/01/2021 29/01/2021 Գրքեր / Books 30 Days Loan


ՀՀ ԳԱԱ հիմնարար գիտական գրադարան
ՀՀ,Երևան 0019
Մարշալ Բաղրամյան 24/6
հեռախոս:(374-10) 52-47-50
Հետադարձ կապ

All site content, except where otherwise noted, is licensed under a
Creative Commons License